000 00855nas a2200277 4500
001 BR0101120
003 BR-BrBNA
005 20231205102111.0
007 ta
008 230509b bl.|||p| |||| 00| 00por d
040 _aBR-BrBNA
_bpor
_cBiblioteca Nacional de Agricultura
041 _a(Pt)
072 _aN01
100 1 _aAbreu, P.G. de
100 1 _aBaeta, F. da C.
100 1 _aAbreu, V.M.N.
100 1 _aPerdomo, C.C.
100 1 _aSoares, P.R.
245 1 _aCondicoes termicas ambientais em diferentes sistemas de aquecimento para criacao de frangos de corte
650 _aFrango de Corte
650 _aAquecimento
650 _aCondicao Ambiental
773 0 _tEngenharia na Agricultura (Brazil)
_xISSN 1414-3984
_g(Apr-Jun 2000), v. 8(2) p. 101-111
_wBR0101120
909 _a202311
_bLúcia
_c55
_dLúcia Elande
942 _2AGRIS
_n0
_cANA
999 _c165741
_d165741